Pokémon - Les attaques de Galvagla - Statistiques

Statistiques générales
  • Ce quiz a été pris 13 fois
  • Le résultat moyen est 9 sur 13
Statistiques - réponses
Niveaux Types Noms des coups % Correct
Niveau 77 Glace Blizzard
100%
Départ Électrique Éclair
100%
Niveau 70 Glace Chute Glace
86%
Niveau 56 Électrique Coup d'Jus
86%
Départ Glace Poudreuse
86%
Niveau 42 Glace Lyophilisation
71%
Niveau 21 Roche Pouvoir Antique
71%
Niveau 35 Glace Avalanche
57%
Niveau 7 Électrique Chargeur
57%
Niveau 28 Vol Picore
57%
Niveau 63 Électrique Prise de Bec
57%
Niveau 14 Normal Écho
14%
Niveau 49 Normal Souplesse
14%
Aucun quiz correspondant
Distribution des résultats
% des personnes avec chaque résultat
Percentile par nombre de réponses
Votre historique - résultats
Vous n’avez pas pris ce quiz